• 首页
  • 本馆介绍
  • 公告通知
  • 最新文献
  • 馆藏检索
  • 电子资源
  • 读者导购
  • 参考咨询
  • 我的图书馆
  • 登录
  • 详细信息显示
  • 放入我的书架
  • 预约/预借图书
  • 作者相关作品
  • 分类相关作品
  • 丛书相关作品
  • 出版社相关作品

书目信息

  • 表格格式
  • 工作单格式
  • 卡片格式
书名: 第二语言研究方法
作者: Herbert W. Seliger, Elana Shohamy.
分册号:
分册名:
出版地: 上海 :
 
出版社: 上海外语教育出版社
出版时间: 1989.
页数: 270 p. :
开本: 22 cm.
丛书名: 牛津应用语言学丛书
中图分类号:
科图分类号:
其他分类号: H31:H31
主题词:
电子资源:
000 00993cam 2200277 a 4500
001 E0756523790
005 20070307090529.14
008 9012111989 enka b 00110 eng d
020    @a7-81046-582-1 :@cCNY18.00.
020    @a0-19-437067-4.
040    @aPFT@bchi
050  4 @aP53@b.S42 1989x
090    @aH31:H31
099    @dH31:H31@ex76:11
100 1  @aSeliger, Herbert W.,@d1937-
245 10 @a第二语言研究方法 :@bSecond language research methods / @cHerbert W. Seliger, Elana Shohamy.
246    @aSecond language research methods
250    @a影印本.
260    @a上海 :@b上海外语教育出版社,@c1989.
300    @a270 p. :@bill. ;@c22 cm.
440  0 @a牛津应用语言学丛书
500    @a本书由牛津大学出版社授权出版
504    @aIncludes bibliographical references (p. 261-266) and index.
650  0 @aLanguage and languages@2CT@xStudy and teaching@xResearch.
650  0 @aSecond language acquisition@2CT@xResearch.
700 10 @aSeliger,erbert W.and Shohamy ,Elana
    
    第二语言研究方法 : : Second language research methods / / Herbert W. Seliger, Elana Shohamy.-影印本.-上海 : : 上海外语教育出版社, , 1989.
    270 p. : : ill. ; ; 22 cm.- (牛津应用语言学丛书)
    本书由牛津大学出版社授权出版.-Includes bibliographical references (p. 261-266) and index.
    
    ISBN 7-81046-582-1 :CNY18.00.
    
●
相关链接 在E读中查询图书 在五车中查询图书 在当当中查询图书 在豆瓣中查询图书


正题名:第二语言研究方法     索取号:H31:H31/x76:11         预约/预借

序号 登录号 条形码 馆藏地/架位号 状态 备注
1 000292   300002921   第二样本阅览室/ [索取号:H31:H31/x76:11] 在馆    
2 000293   300002930   第四借阅区/ [索取号:H31:H31/x76:11] 在馆    
3 000294   300002949   第四借阅区/ [索取号:H31:H31/x76:11] 在馆    
4 000295   300002958   第四借阅区/ [索取号:H31:H31/x76:11] 在馆    
唐山师范学院图书馆 欢迎您!
大连网信软件有限公司© 版权所有